Cuando la estrategia vence a la constitucionalidad.Enfoque táctico dle juicio abreviado. (Registro nro. 22259)

Detalles MARC
000 -LEADER
fixed length control field 00388 a2200109 4500
001 - CONTROL NUMBER
control field ART_17428
005 - DATE AND TIME OF LATEST TRANSACTION
control field 20260410161820.0
008 - FIXED-LENGTH DATA ELEMENTS--GENERAL INFORMATION
fixed length control field 260409a
100 1# - MAIN ENTRY--PERSONAL NAME
Personal name Vanella, Carolina A.
245 10 - TITLE STATEMENT
Title Cuando la estrategia vence a la constitucionalidad.Enfoque táctico dle juicio abreviado.
773 0# - HOST ITEM ENTRY
Title Doctrina Penal Tributaria y Económica
Related parts - Nº 20 (oct. 2011)
Record control number REV4317

No hay ítems disponibles.